Bereft : (Record no. 346)

MARC details
000 -LEADER
fixed length control field 00551cam a2200193 4500
001 - CONTROL NUMBER
control field 394
005 - DATE AND TIME OF LATEST TRANSACTION
control field 20181127161453.0
008 - FIXED-LENGTH DATA ELEMENTS--GENERAL INFORMATION
fixed length control field 990923s2000 nyu 000 0 eng
010 ## - LIBRARY OF CONGRESS CONTROL NUMBER
LC control number 99048798
020 ## - INTERNATIONAL STANDARD BOOK NUMBER
International Standard Book Number 0865475865 (alk. paper)
043 ## - GEOGRAPHIC AREA CODE
Geographic area code n-us-az
100 1# - MAIN ENTRY--PERSONAL NAME
Personal name Bernstein, Jane,
Dates associated with a name 1949-
245 10 - TITLE STATEMENT
Title Bereft :
Remainder of title a sister's story /
Statement of responsibility, etc. Jane Bernstein.
250 ## - EDITION STATEMENT
Edition statement 1st ed.
260 ## - PUBLICATION, DISTRIBUTION, ETC.
Place of publication, distribution, etc. New York :
Name of publisher, distributor, etc. North Point Press,
Date of publication, distribution, etc. 2000.
300 ## - PHYSICAL DESCRIPTION
Extent 279 p. ;
Dimensions 22 cm.
600 00 - SUBJECT ADDED ENTRY--PERSONAL NAME
Personal name Bernstein, Laura Ellen,
Dates associated with a name 1945-1966.
650 #0 - SUBJECT ADDED ENTRY--TOPICAL TERM
Topical term or geographic name entry element Murder
Geographic subdivision Arizona
Form subdivision Case studies.
Holdings
Withdrawn status Lost status Source of classification or shelving scheme Damaged status Not for loan Collection code Home library Current library Shelving location Serial Enumeration / chronology Inventory number Total Checkouts Full call number Barcode Date last seen Price effective from Koha item type
    Dewey Decimal Classification     Main TEST RTC Library RTC Library Main opac 1344   362.8 BER 30003547 27/11/2018 27/11/2018 Main
Royal Thimphu College || All Right Reserved